=LDR 00000nam 2200000 4500 =001 INLIS000000000027820 =005 20211021091829 =035 ##$$a 0010-061300000027820 =008 211021################g##########0#ind## =041 ##$$a Ind =082 ##$$a 297.77 =090 ##$$a 2x7.3, =100 ##$$a Abuddin Nata =245 1#$$a Kapita selekta pendidikan islam : $b Isu-isu kontemporer tentang pendidikan islam /$c Prof. Dr. H. Abuddin Nata, M.A =260 ##$$a Jakarta :$b Rajawali Pers,$c 2012 =300 ##$$a xiii, 452 hlm. ; $c 13 x 20 cm =650 #4$$a Islam-pendidikan =850 ##$$a NBPNMAT =020 ##$$a 978-979-769-437-1 =084 ##$$a 297.77 ABU k =250 ##$$a Cet. 1 =500 ##$$a Biografi : hlm. 449 - 452 =504 ##$$a Bibliografi : hlm. 439 - 447 =990 ##$$a 21302714 =990 ##$$a 21302716 =990 ##$$a 21302717 =990 ##$$a 21302718 =990 ##$$a 21302715 =990 ##$$a 20706270 =990 ##$$a 21302715 =990 ##$$a 21302714 =990 ##$$a 21302716 =990 ##$$a 21302717 =990 ##$$a 21302718 =990 ##$$a 20706270